000 00612nam a2200229Ia 4500
003 OSt
005 20220927114220.0
006 a|||||r|||| 00| 0
007 ta
008 220926b |||||||| |||| 00| 0 eng d
024 _a186103
037 _cTextbook
040 _aRTL
_cRTL
_beng
041 _2eng
_aeng
082 _a"X:8C, L8"
100 _aSchattke R.W
_9387224
245 0 _aFinancial Accounting
_b Concepts and Uses
260 _aAllay
_band Bacon London
_c1978
700 _a Jensen H.G
_9387225
942 _h"X:8C, L8"
_cCC
999 _c703147
_d703147